| 000 -LEADER |
| fixed length control field |
03400cam a22003978i 4500 |
| 001 - CONTROL NUMBER |
| control field |
22491289 |
| 003 - CONTROL NUMBER IDENTIFIER |
| control field |
NUST |
| 005 - DATE AND TIME OF LATEST TRANSACTION |
| control field |
20230223115207.0 |
| 008 - FIXED-LENGTH DATA ELEMENTS--GENERAL INFORMATION |
| fixed length control field |
220401s2022 enk b 001 0 eng |
| 010 ## - LIBRARY OF CONGRESS CONTROL NUMBER |
| LC control number |
2022002531 |
| 020 ## - INTERNATIONAL STANDARD BOOK NUMBER |
| International Standard Book Number |
9781032169057 |
| Qualifying information |
(hardback) |
| 020 ## - INTERNATIONAL STANDARD BOOK NUMBER |
| International Standard Book Number |
9781032169071 |
| Qualifying information |
(paperback) |
| 020 ## - INTERNATIONAL STANDARD BOOK NUMBER |
| Canceled/invalid ISBN |
9781003250920 |
| Qualifying information |
(ebook) |
| 040 ## - CATALOGING SOURCE |
| Original cataloging agency |
LBSOR/DLC |
| Language of cataloging |
eng |
| Description conventions |
rda |
| Transcribing agency |
DLC |
| 042 ## - AUTHENTICATION CODE |
| Authentication code |
pcc |
| 043 ## - GEOGRAPHIC AREA CODE |
| Geographic area code |
a-pk--- |
| 050 00 - LIBRARY OF CONGRESS CALL NUMBER |
| Classification number |
DS383.5.A2 |
| Item number |
P375 2022 |
| 082 00 - DEWEY DECIMAL CLASSIFICATION NUMBER |
| Classification number |
327.5491 |
| Edition number |
23/eng/20220405 |
| Author Mark |
PAK 2022 |
| 245 00 - TITLE STATEMENT |
| Title |
Pakistan's foreign policy : |
| Remainder of title |
contemporary developments and dynamics / |
| Statement of responsibility, etc. |
Ghulam Ali, [editor]. |
| 263 ## - PROJECTED PUBLICATION DATE |
| Projected publication date |
2206 |
| 264 #1 - PRODUCTION, PUBLICATION, DISTRIBUTION, MANUFACTURE, AND COPYRIGHT NOTICE |
| Place of production, publication, distribution, manufacture |
London ; |
| -- |
New York, NY : |
| Name of producer, publisher, distributor, manufacturer |
Routledge, Taylor & Francis Group, |
| Date of production, publication, distribution, manufacture, or copyright notice |
2022. |
| 300 ## - PHYSICAL DESCRIPTION |
| Extent |
pages cm. |
| 336 ## - CONTENT TYPE |
| Content type term |
text |
| Content type code |
txt |
| Source |
rdacontent |
| 337 ## - MEDIA TYPE |
| Media type term |
unmediated |
| Media type code |
n |
| Source |
rdamedia |
| 338 ## - CARRIER TYPE |
| Carrier type term |
volume |
| Carrier type code |
nc |
| Source |
rdacarrier |
| 490 0# - SERIES STATEMENT |
| Series statement |
Routledge Studies in South Asian Politics |
| 504 ## - BIBLIOGRAPHY, ETC. NOTE |
| Bibliography, etc. note |
Includes bibliographical references and index. |
| 505 0# - FORMATTED CONTENTS NOTE |
| Formatted contents note |
Foreign policy of contemporary Pakistan : an overview / Ghulam Ali -- The changing framework of Pakistan's foreign policy under Imran Khan / Syed Ali Zia Jaffery -- Is Pakistan a middle power? / Samee Lashari -- The military and foreign policy in Pakistan : an analysis / Ejaz Hussain -- China-PAkistan : a decade of transformation in diplomacy, 2010-2020 / Gul-i-Hina Shahzad and Rabbiya Kamal -- Afghanistan-Pakistan relations : from uncertainty and confrontation to optimism / Muhammad Azam -- Indian factor in Pakistan's policy towards Afghanistan / Shahzad Akhtar and Arshad Ali -- Geopolitics, the thucydides trap and the China-Pakistan-India trilateral / Rizwan Zeb -- The new conservative parliament in iran and future of Pakistan-Iran relations / Khurram Abbas -- Pakistan-U.S. Relations : is past the prologue? / Rabia Akhtar -- The contours of Pakistan's relations with Russia / Adeela Ahmed -- European Union-Pakistan relations : a critique of strategic engagement plan / Najimdeen Bakare. |
| 520 ## - SUMMARY, ETC. |
| Summary, etc. |
"This book analyses Pakistan's foreign policy and external relations with a focus on contemporary developments, including the impact of the new government of Prime Minister Imran Khan, the powerful military and the 'middle power' status. Structured in two parts - Foundation and Operationalization - the book provides a broad overview of Pakistan's foreign policy and addresses specific foreign policy choices. Contributors explore issues such as Pakistan's middle power status from a theoretical perspective, Imran Khan's foreign policy, Pakistan's relations with SCO, EU and Pakistan's evolving Indian Ocean strategy. Based on in-depth interviews with Pakistani scholars, politicians and diplomats, the book offers a timely perspective on Pakistan's foreign policy. The book will be of interest to academics working on Pakistan, South Asian Politics, Indian Ocean Studies, Security and Conflict Studies, International Relations and Foreign Policy and Asian Studies"-- |
| Assigning source |
Provided by publisher. |
| 651 #0 - SUBJECT ADDED ENTRY--GEOGRAPHIC NAME |
| Geographic name |
Pakistan |
| General subdivision |
Foreign relations |
| Chronological subdivision |
1971- |
| 9 (RLIN) |
109512 |
| 700 1# - ADDED ENTRY--PERSONAL NAME |
| Personal name |
Ali, Ghulam |
| Titles and other words associated with a name |
(Professor), |
| Relator term |
editor. |
| 9 (RLIN) |
99179 |
| 776 08 - ADDITIONAL PHYSICAL FORM ENTRY |
| Relationship information |
Online version: |
| Title |
Pakistan's foreign policy |
| Place, publisher, and date of publication |
London ; New York, NY : Routledge, Taylor & Francis Group, 2022 |
| International Standard Book Number |
9781003250920 |
| Record control number |
(DLC) 2022002532 |
| 906 ## - LOCAL DATA ELEMENT F, LDF (RLIN) |
| a |
7 |
| b |
cbc |
| c |
orignew |
| d |
1 |
| e |
ecip |
| f |
20 |
| g |
y-gencatlg |
| 942 ## - ADDED ENTRY ELEMENTS (KOHA) |
| Source of classification or shelving scheme |
|
| Koha item type |
Book |